Catálogo
 En Linea

V congreso nacional sobre medicamentos : (Registro nro. 26298)

Detalles MARC
000 -CABECERA
campo de control de longitud fija 00737nam a2200181 a 4500
001 - NÚMERO DE CONTROL
campo de control 000026806
005 - FECHA Y HORA DE LA ÚLTIMA TRANSACCIÓN
campo de control 20200930030425.0
008 - DATOS DE LONGITUD FIJA--INFORMACIÓN GENERAL
campo de control de longitud fija 110325s1998 dr ac 000 0 spa d
040 ## - FUENTE DE LA CATALOGACIÓN
Centro catalogador/agencia de origen DO-SdBNP
Lengua de catalogación spa
Centro/agencia transcriptor BNPHU
082 ## - NÚMERO DE LA CLASIFICACIÓN DECIMAL DEWEY
Número de clasificación xxx
Número de documento/Ítem C749n
049 ## - FONDOS LOCALES (OCLC)
Fondos de biblioteca BNPD
111 2# - ENTRADA PRINCIPAL--NOMBRE DE CONGRESO/REUNIÓN
Nombre de congreso/reunión o jurisdicción como elemento de entrada Congreso nacional sobre medicamentos
Número del congreso/reunión o número de parte o sección (5to
Fecha del congreso/reunión 1998 marz. 19,20 y 21 :
Sede del congreso/Lugar de la reunión Santo Domingo)
9 (RLIN) 53918
245 10 - MENCIÓN DE TÍTULO
Título V congreso nacional sobre medicamentos :
Resto del título perspectivas de la empresa farmaceutica.
246 ## - FORMA VARIANTE DE TÍTULO
Título propio/Titulo breve Quinto congreso nacional sobre medicamentos :
Resto del título perspectivas de la empresa farmaceutica
260 ## - PUBLICACIÓN, DISTRIBUCIÓN, ETC.
Lugar de publicación, distribución, etc. Santo Domingo :
Nombre del editor, distribuidor, etc. ARAPF,
Fecha de publicación, distribución, etc. 1998.
300 ## - DESCRIPCIÓN FÍSICA
Extensión 113 p. :
Otras características físicas il., retr. ;
Dimensiones 29 cm.
710 2# - PUNTO DE ACCESO ADICIONAL--NOMBRE DE ENTIDAD CORPORATIVA
Nombre de entidad corporativa o nombre de jurisdicción como elemento de entrada Asociación de Representantes, Agentes y Productores Farmaceuticos
9 (RLIN) 53919
Existencias
Estado de retiro Estado de pérdida No para préstamo Código de colección Localización permanente Ubicación/localización actual Ubicación en estantería Fecha de adquisición Número de inventario Total de préstamos Signatura topográfica completa Código de barras Fecha visto por última vez Precio válido a partir de Tipo de ítem Koha Número de copia
    Excluido de préstamo Patrimonio Dominicano Patrimonio Dominicano Patrimonio Dominicano En catalogación 25.03.2011 LF1   xxx C749n 26806-10 25.06.2020 25.06.2020 Libro y Folleto Colección Patrimonio Dominicano  
    Excluido de préstamo Patrimonio Dominicano Patrimonio Dominicano Patrimonio Dominicano En catalogación 25.03.2011 LF1   xxx C749n 26806-20 25.06.2020 25.06.2020 Libro y Folleto Colección Patrimonio Dominicano e.2

Con tecnología Koha